Central Library OPAC University of Rajshahi

The nature of history / (Record no. 23259)

MARC details
000 -LEADER
fixed length control field 00739cam a2200265 a 4500
001 - CONTROL NUMBER
control field 23259
003 - CONTROL NUMBER IDENTIFIER
rucl marc code BD-RjUL
005 - DATE AND TIME OF LATEST TRANSACTION
control field 20211209000918.0
008 - FIXED-LENGTH DATA ELEMENTS--GENERAL INFORMATION
fixed length control field 140310t19881981enk b 001 0 eng d
020 ## - INTERNATIONAL STANDARD BOOK NUMBER
International Standard Book Number 0333323726 (pbk.)
035 ## - SYSTEM CONTROL NUMBER
System control number (BD-RjUL)23324
040 ## - CATALOGING SOURCE
Original cataloging agency MH
Transcribing agency MH
Modifying agency DLC
-- BD-RjUL
Language of cataloging eng
041 ## - LANGUAGE CODE
Language code of text/sound track or separate title eng
082 00 - DEWEY DECIMAL CLASSIFICATION NUMBER
Classification number 900
Author mark and year MAN 1988
100 1# - MAIN ENTRY--PERSONAL NAME
Personal name Marwick, Arthur,
Dates associated with a name 1936-2006.
9 (RLIN) 71685
245 14 - TITLE STATEMENT
Title The nature of history /
Statement of responsibility, etc. Arthur Marwick.
250 ## - EDITION STATEMENT
Edition statement 2nd ed.
260 ## - PUBLICATION, DISTRIBUTION, ETC. (IMPRINT)
Place of publication, distribution, etc. London :
Name of publisher, distributor, etc. Macmillan,
Date of publication, distribution, etc. c1970 [Reprinted 1988]
300 ## - PHYSICAL DESCRIPTION
Pagination 316 p. ;
Size 22 cm.
504 ## - BIBLIOGRAPHY, ETC. NOTE
Bibliography, etc Bibliography: p. [289]-296. and Index
650 #0 - SUBJECT ADDED ENTRY--TOPICAL TERM
Topical term or geographic name as entry element Historiography.
9 (RLIN) 71686
942 ## - ADDED ENTRY ELEMENTS (KOHA)
Source of classification or shelving scheme Dewey Decimal Classification
Koha item type Books
Holdings
Lost status Source of classification or shelving scheme Damaged status Not for loan Collection code Permanent Location Current Location Shelving location Date acquired Source of acquisition Cost, normal purchase price Total Checkouts Full call number Date last seen Copy number Koha item type
  Dewey Decimal Classification   Added to bundle Non-fiction Central Library, University of Rajshahi Central Library, University of Rajshahi Reading Room 24/09/1989 Karim Int. 7.25   900 MAN 1988 10/03/2014 C-1 Books